Quiz o powiecie lubaczowskim - Statystyki

Ogólne statystyki
  • Ten quiz został rozwiązany 8 razy
  • Średni wynik to 18 z 20
Statystyki odpowiedzi
Wskazówka Odpowiedź % Poprawnych
Gminy powiatu lubaczowskiego Cieszanów
100%
Gminy powiatu lubaczowskiego Horyniec-Zdrój
100%
Powiaty z województwa podkarpackiego, graniczące z powiatem lubaczowskim jarosławski
100%
Gminy powiatu lubaczowskiego Lubaczów
100%
Powiat lubaczowski ma powierzchnię 1308 km2, jest więc ________ powiatem województwa podkarpackiego największym
100%
Gminy powiatu lubaczowskiego Narol
100%
Gminy powiatu lubaczowskiego Oleszyce
100%
Tablice rejestracyjne powiatu RLU
100%
Gminy powiatu lubaczowskiego Stary Dzików
100%
Państwo, z którym graniczy powiat Ukraina
100%
Horyniec-Zdrój ma status... Uzdrowiska
100%
Województwo graniczące z powiatem lubaczowskim Województwo {lubelskie}
100%
Rzeka, która ma źródło w powyższym państwie; przepływa przez m.in. Lubaczów czy Radawę Lubaczówka
86%
Powiaty z województwa podkarpackiego, graniczące z powiatem lubaczowskim przeworski
86%
W tej miejscowości znajduje się pewien unikatowy budynek, wpisany na listę UNESCO Radruż
86%
Gminy powiatu lubaczowskiego Wielkie Oczy
86%
Określ rodzaj budynku z poprzedniego pytania Zespół Cerkiewny
86%
Nazwij dowolny mezoregion, w którym leży powiat lubaczowski Płaskowyż Tarnogrodzki | Roztocze Środkowe | Roztocze Wschodnie
71%
Rzeka, mająca źródło w powiecie lubaczowskim, potem płynąca przez inne województwo, a uchodząca do Sanu w powiecie niżańskim Tanew
71%
Starosta Barbara Broź
43%
Nie znaleziono quizów pasujących do podanych kryteriów
Rozkład punktacji
Procent ludzi z każdym wynikiem
Percentyl według liczby udzielonych odpowiedzi
Twoja historia wyników
Nie rozwiązałeś tego quizu